000 003710000a22001570004500
001 000036
003 MACL
040 _aMACL
090 _c36
_d36
100 _aAgrawal, Sushil
245 _aAfrican In The 21 Century A futuristic Exercise
_cSushil Agrawal
260 _aPrintwell Publiser Distributer,
_c1998
350 _a475
650 _aHistory
942 _k901
_cBook
999 _c49343
_d49343